| 000 | 01037pam a2200301 a 4500 | ||
|---|---|---|---|
| 999 |
_c7330 _d7330 |
||
| 001 | 7330 | ||
| 003 | BD - JhCC | ||
| 005 | 20220608134021.0 | ||
| 008 | 110125s2011 nyuacf b 001 0 eng d | ||
| 035 | _a(BD - JhCC)7330 | ||
| 035 | _a(Uk)015744982 | ||
| 040 |
_aStDuBDS _cStDuBDS _dIeDuTC _dUk _dBD - JhCC |
||
| 041 | _aeng | ||
| 082 | 0 | 4 |
_a940.54252 _222 _bGOI 1967 |
| 100 | 1 | _aGiovannitti, Len | |
| 245 | 1 | 4 |
_aThe decision to drop the atomic bomb / _cLen Giovannitti and Fred Freed |
| 246 | 1 | 4 |
_aDecision to drop the atomic bomb : _bHiroshima and Nagasaki, August 1945 |
| 260 |
_aLondon : _bMethuen & Co Ltd. _c1967. |
||
| 300 |
_a348 p. : _bill., ; _c21 cm. |
||
| 650 | 0 |
_aWorld War, 1939-1945 _xAerial operations, American. |
|
| 650 | 0 |
_aAtomic bomb _zJapan _zHiroshima-shi. |
|
| 650 | 0 |
_aAtomic bomb _zJapan _zNagasaki-shi. |
|
| 651 | 0 |
_aHiroshima-shi (Japan) _xHistory _yBombardment, 1945. |
|
| 651 | 0 |
_aNagasaki-shi (Japan) _xHistory _yBombardment, 1945. |
|
| 700 | _aFreed, Fred | ||
| 942 |
_2ddc _cBK _01 |
||